000 003560000a22001450004500
020 _a84-7530-275-0
041 0 _aSPA
082 0 4 _aG 841.8 P4714p
100 1 _aPrudhomme, Sully
245 1 0 _aPoemas y pensamientos / Sully Prudhomme ; José Antonio Fontanilla, Traductor
260 _aMadrid : Orbis
300 _a205 Pag
001 13283
942 _cBK
999 _c42267
_d42267